| 000 | 00768cab a2200253 4500 | ||
|---|---|---|---|
| 001 | ABS56215 | ||
| 008 | 090401t1996 xxu||||| |||| 00| 0 eng d | ||
| 035 | _a(Sirsi) u21968 | ||
| 041 | _aeng | ||
| 100 | _aKirkwood, J. | ||
| 245 | _aTrace solutions` TBS/Agency for MS Windows | ||
| 260 | _c1996 | ||
| 350 | _a0 | ||
| 490 |
_aEstates Gazette _v(9646) 16 November 1996, 74-76(3) |
||
| 520 | _aReviews a Trace Solutions software package for day-to-day agency activities. | ||
| 650 |
_aProperty management _96262 |
||
| 650 | _aSOFTWARE PACKAGES | ||
| 650 | _aTBS/AGENCY | ||
| 650 | _aTRACE SOLUTIONS | ||
| 690 | _aMANAGEMENT-BUSINESS MANAGEMENT-INFORMATION MANAGEMENT | ||
| 690 | _aOFFICE SERVICES AND ADMINISTRATION | ||
| 942 | _n0 | ||
| 948 | _c04/03/1997 | ||
| 999 |
_c14717 _d14717 |
||